|
|
|
|
| LEADER |
00000cam a2200000 a 4500 |
| 001 |
UCF7808 |
| 003 |
CL-VaPUC |
| 008 |
130711e19990000SP |||||||||||||||||spa|d |
| 020 |
|
|
|a 9788425428449
|
| 082 |
0 |
4 |
|a 292
|b KER
|2 21
|
| 100 |
|
|
|a Kerényi, Karl
|e author
|9 569916
|
| 245 |
1 |
3 |
|a La religión antigua
|
| 250 |
|
|
|a 2a. ed
|
| 300 |
|
|
|a 249 p
|
| 942 |
|
|
|c BK
|
| 945 |
|
|
|d 20130711 00:00:00
|a cmena
|
| 260 |
|
|
|a Barcelona
|b Herder
|c 1999
|
| 650 |
|
0 |
|a Religiones antiguas
|9 314285
|
| 650 |
|
0 |
|a Mitología clásica
|9 265586
|
| 650 |
|
0 |
|a Mitología griega
|9 265313
|
| 650 |
|
7 |
|a MITOLOGIA ROMANA
|2 CL-VaPUC
|9 265213
|
| 583 |
|
|
|a last modification
|c 20130711 11:26:00
|k Rodrigo Vera
|
| 999 |
|
|
|c 352570
|d 352568
|
| 952 |
|
|
|0 0
|1 0
|4 0
|6 292_000000000000000_KER_1999
|7 0
|8 A
|9 457133
|a BIBART
|b BIBART
|d 2019-11-22
|i 4983440
|l 1
|o 292 KER 1999
|p 4983440
|r 2025-03-13
|s 2022-04-22
|w 2019-11-22
|y BK
|k ART
|